Финансы и денежное обращение: электронный курс

Detalles Bibliográficos
Autor Principal: Спицын В. В. Владислав Владимирович
Autor Corporativo: Национальный исследовательский Томский политехнический университет (ТПУ) Институт социально-гуманитарных технологий (ИСГТ) Кафедра менеджмента (МЕН)
Summary:Заглавие с экрана
В курсе "Финансы и денежное обращение" рассматриваются финансы и финансовые системы на уровне предприятий и государства, денежное обращение и тенденции развития банковской деятельности. Особое внимание в рамках данного курса уделяется формированию у студентов целостного представления о финансах, финансовых системах и денежном обращении и тенденциях их развития в мире и РФ, а также обучение студентов методам и инструментам финансового анализа. Знания, полученные в курсе, помогут в формировании профессиональной компетентности студентов экономических специальностей, планирующих трудоустроиться в финансовых службах предприятий.
Доступ по логину и паролю
Idioma:ruso
Publicado: Томск, TPU Moodle, 2015
Subjects:
Acceso en liña:http://design.lms.tpu.ru/course/view.php?id=1150
Formato: Electrónico Libro
KOHA link:https://koha.lib.tpu.ru/cgi-bin/koha/opac-detail.pl?biblionumber=651877

MARC

LEADER 00000nlm0a2200000 4500
001 651877
005 20240209130217.0
035 |a (RuTPU)RU\TPU\network\17140 
035 |a RU\TPU\network\17139 
090 |a 651877 
100 |a 20161124d2015 m y0rusy50 ca 
101 0 |a rus 
102 |a RU 
105 |a a j 000zy 
135 |a jrcn ---uucaa 
181 0 |a i  
182 0 |a b 
200 1 |a Финансы и денежное обращение  |e электронный курс  |f В. В. Спицын  |g Национальный исследовательский Томский политехнический университет (ТПУ), Институт социально-гуманитарных технологий (ИСГТ), Кафедра менеджмента (МЕН) 
203 |a Текст  |c электронный 
210 |a Томск  |c TPU Moodle  |d 2015 
300 |a Заглавие с экрана 
330 |a В курсе "Финансы и денежное обращение" рассматриваются финансы и финансовые системы на уровне предприятий и государства, денежное обращение и тенденции развития банковской деятельности. Особое внимание в рамках данного курса уделяется формированию у студентов целостного представления о финансах, финансовых системах и денежном обращении и тенденциях их развития в мире и РФ, а также обучение студентов методам и инструментам финансового анализа. Знания, полученные в курсе, помогут в формировании профессиональной компетентности студентов экономических специальностей, планирующих трудоустроиться в финансовых службах предприятий. 
333 |a Доступ по логину и паролю 
606 1 |a Финансы  |x Экономика  |y Россия  |2 stltpush  |3 (RuTPU)RU\TPU\subj\67534  |9 83291 
610 1 |a электронный ресурс 
610 1 |a труды учёных ТПУ 
610 1 |a электронное обучение 
610 1 |a электронные курсы ТПУ 
610 1 |a финансы 
610 1 |a коммерческие предприятия 
610 1 |a финансовый анализ 
610 1 |a финансовые рынки 
610 1 |a государственные финансы 
610 1 |a деньги 
610 1 |a денежное обращение 
610 1 |a инфляция 
610 1 |a банковская деятельность 
610 1 |a электронные учебные пособия 
610 1 |a учебные пособия 
686 |a У9(2)26я73  |2 rubbk 
700 1 |a Спицын  |b В. В.  |c экономист  |c доцент Томского политехнического университета, кандидат экономических наук  |f 1976-  |g Владислав Владимирович  |3 (RuTPU)RU\TPU\pers\22756  |9 9787 
712 0 2 |a Национальный исследовательский Томский политехнический университет (ТПУ)  |b Институт социально-гуманитарных технологий (ИСГТ)  |b Кафедра менеджмента (МЕН)  |3 (RuTPU)RU\TPU\col\18855 
801 2 |a RU  |b 63413507  |c 20170116  |g RCR 
856 4 |u http://design.lms.tpu.ru/course/view.php?id=1150 
942 |c CF